Mapping it out : (Record no. 12690)

000 -LEADER
fixed length control field 00709cam a2200205 a 4500
020 ## - INTERNATIONAL STANDARD BOOK NUMBER
ISBN 0226534162 (cloth : alk. paper)
020 ## - INTERNATIONAL STANDARD BOOK NUMBER
ISBN 0226534170 (paper : alk. paper)
040 ## - CATALOGING SOURCE
Transcribing agency DLC
082 00 - DEWEY DECIMAL CLASSIFICATION NUMBER
Classification number 912 UNI 1993 A100 Co.
100 1# - MAIN ENTRY--AUTHOR NAME
Personal name Monmonier, Mark S.
245 10 - TITLE STATEMENT
Title Mapping it out :
Remainder of title expository cartography for the humanities and social sciences /
260 ## - PUBLICATION, DISTRIBUTION, ETC. (IMPRINT)
Place of publication Chicago :
Name of publisher University of Chicago Press,
Year of publication 1993.
300 ## - PHYSICAL DESCRIPTION
Number of Pages xiii, 301 p. :
Other physical details ill., maps ;
Dimensions 23 cm.
650 #0 - SUBJECT ADDED ENTRY--TOPICAL TERM
Topical Term Cartography.
650 #0 - SUBJECT ADDED ENTRY--TOPICAL TERM
Topical Term Humanities
650 #0 - SUBJECT ADDED ENTRY--TOPICAL TERM
Topical Term Social sciences
856 42 - ELECTRONIC LOCATION AND ACCESS
Uniform Resource Identifier http://www.loc.gov/catdir/description/uchi051/92039894.html
856 41 - ELECTRONIC LOCATION AND ACCESS
Uniform Resource Identifier http://www.loc.gov/catdir/toc/uchi051/92039894.html
942 ## - ADDED ENTRY ELEMENTS (KOHA)
Koha item type សៀវភៅភាសាអង់គ្លេស
952 ## - LOCATION AND ITEM INFORMATION (KOHA)
Withdrawn status [LOCAL, KOHA] 0
Holdings
Permanent Location Date acquired Koha item type Lost status Shelving location Barcode Current Location Full call number
Library Block A2017-08-16សៀវភៅភាសាអង់គ្លេស A100A16775Library Block A912 UNI 1993 A100 Co.
មជ្ឈមណ្ឌលឯការនៃសាកលវិទ្យាល័យភូមិន្ទកសិកម្មចំការដូង

Powered by Koha